Herzfrequenz im Nachtschlaf gesunder Menschen : das Studium der Geschlechtsunterschiede, der Adaptation und der Traumphasen /

Hlavní autor: Müller, Hildegard K. M.
Korporativní autor: Bayerische Julius-Maximilians-Universität Würzburg
Jazyk: Němčina
Vydáno: Würzburg : H.K.M. Müller, 1974
Fyzický popis: 64, 12 s.
Knihy
Uloženo v:
LEADER 00842nam a22002172a 4500
001 001240452
003 CZ BrMZK
005 20130410111003.0
007 ta
008 120817s1974 gw er 000 0 ger d
040 |a BOA001  |b cze 
100 1 |a Müller, Hildegard K. M.  |4 dis 
245 1 0 |a Herzfrequenz im Nachtschlaf gesunder Menschen :  |b das Studium der Geschlechtsunterschiede, der Adaptation und der Traumphasen /  |c Hildegard K.M. Müller 
260 |a Würzburg :  |b H.K.M. Müller,  |c 1974 
300 |a 64, 12 s. 
502 |a Disertace--Universität Würzburg, Medizinische Fakultät, 1974 
710 2 |a Bayerische Julius-Maximilians-Universität Würzburg  |7 xx0121109 
910 |a BOA001  |b 2-0745.837 
990 |a BK 
991 |b 201208 
996 7 |b 2619561658  |c 2-0745.837  |l Sklad H1  |r Sklad / do 24 hodin  |n 0  |h HS 212  |w 001274454  |u 000010  |a 1  |e BOA001  |j MZK50  |s A